000 01416cam a22003734a 4500
001 14825008
003 OSt
005 20180116192427.0
008 070427s2008 njua 001 0 eng
010 _a 2007017878
020 _a9780470055380 (cloth)
020 _a0470055383 (cloth)
020 _a9780470055380
035 _a(OCoLC)ocn137325055
035 _a(OCoLC)137325055
040 _aDLC
_cDLC
_dBTCTA
_dBAKER
_dC#P
_dBWX
_dYDXCP
_dDLC
050 0 0 _aTS171.4
_b.L47 2008
082 0 0 _a745.2
_222
100 1 _aLesko, Jim.
_98120
245 1 0 _aIndustrial design :
_bmaterials and manufacturing guide /
_cJim Lesko.
250 _a2nd ed.
260 _aHoboken, NJ :
_bJohn Wiley & Sons,
_cc2008.
300 _a250 p. :
_bill. (some col.) ;
_c23 x 28 cm.
500 _aIncludes index.
650 0 _aIndustrial design.
_98121
650 0 _aManufacturing processes.
_98122
650 0 _aMaterials.
_98123
856 4 1 _3Table of contents only
_uhttp://www.loc.gov/catdir/toc/ecip0716/2007017878.html
856 4 2 _3Publisher description
_uhttp://www.loc.gov/catdir/enhancements/fy0827/2007017878-d.html
856 4 2 _3Contributor biographical information
_uhttp://www.loc.gov/catdir/enhancements/fy0827/2007017878-b.html
906 _a7
_bcbc
_corignew
_d1
_eecip
_f20
_gy-gencatlg
942 _2ddc
_cBK
999 _c354087
_d354087